| 000 | 00897cam a22002295a 4500 | ||
|---|---|---|---|
| 999 |
_c114938 _d114938 |
||
| 001 | L157728 | ||
| 008 | 130411s2013 xxk f 000 0 eng d | ||
| 010 | _a711.026 BOW | ||
| 020 | _a9780199640072 | ||
| 035 | _a(Sirsi) u157728 | ||
| 041 | 0 | _aeng | |
| 050 | 0 | 4 | _a711.026 MOO |
| 100 | 1 | _aMoore, Victor | |
| 245 | 0 | 2 | _aA Practical Approach to Planning Law |
| 250 | _a12th ed | ||
| 260 |
_aOxford _bOxford University _c2012 |
||
| 300 | _aliv, 741p, 25cm | ||
| 520 | _aProvides a comprehensive and systematic account of the principles and practice of planning law, giving details of each stage of the planning process, from permission applications through to disputes and appeals. Contains coverage of recent cases and important legislative developments particularly those arising out of the Localism Act 2011. | ||
| 651 | 4 | _aENGLAND AND WALES | |
| 700 | 1 | _aPurdue, Michael | |
| 942 | _n0 | ||